00385nam a2200145Ia 4500003000400000005001700004008004100021020001800062040000900080082002000089100001600109245004500125260006000170300000900230OSt20200122105533.0190216s9999||||xx |||||||||||||| ||und|| a9788131761083 coclc a658.4092bYUK/L aYukl, Gary  0aLeadership In Organizations /cGary Yukl bDorling Kindersley (india) Pvt. Ltd,c2011.aNew Delhi: a644p